Water gardening

Bibliographic Details
Main Author: Clarke, Ethne
Format: Book
Published: London : Sunburst Books , 1995
Subjects:

MARC

LEADER 00000cam a2200000 7i4500
001 0000007775
002 000008345
005 20000330.0
020 |a 1857781708 
090 0 0 |a 635.9674   |b CLA 
100 1 |a Clarke, Ethne 
245 1 0 |a Water gardening   |c Ethne Clarke 
260 |a London :   |b Sunburst Books ,   |c 1995 
300 |a 64p. ;   |c 28cm. 
650 0 0 |a Water gardens 
999 |a 052893   |b BUKU   |c PINJAMAN   |e PERPUSTAKAAN KOMUNITI PETALING JAYA